[Event "IECC KO email"]
[Site "IECC email"]
[Date "2000.06.16"]
[Round "?"]
[White "Gerry, Scott"]
[Black "Visser, Rick"]
[Result "0-1"]
[WhiteElo "1015"]
[BlackElo "1050"]
[PlyCount "46"]
[EventDate "2000.??.??"]
[EventType "tourn (corr)"]
[EventRounds "6"]
[SourceTitle "Corr 2008"]
[Source "ChessBase"]
[SourceDate "2008.06.24"]
[SourceVersion "1"]
[SourceVersionDate "2008.06.24"]
[SourceQuality "1"]

1. e4 d6 2. d4 Nf6 3. Nc3 g6 4. Nf3 Bg7 5. Be2 0-0 6. 0-0 Bg4 7. d5 c6 8. Be3 Qc7 9. Qd2 Bxf3 10. Bxf3 Nbd7 11. dxc6 bxc6 12. Bh6 Ne5 13. Be2 e6 14. Bxg7 Kxg7 15. f4 Ned7 16. f5 Nc5 17. Qe3 e5 18. fxg6 hxg6 19. g4 Rh8 20. g5 Nh5 21. Bxh5 Rxh5 22. Rf2 Ne6 23. Raf1 Nf4 0-1

[Event "IECC KO email"]
[Site "IECC email"]
[Date "2000.06.16"]
[Round "?"]
[White "Visser, Rick"]
[Black "Gerry, Scott"]
[Result "1-0"]
[WhiteElo "1035"]
[BlackElo "1030"]
[PlyCount "47"]
[EventDate "2000.??.??"]
[EventType "tourn (corr)"]
[EventRounds "6"]
[SourceTitle "Corr 2008"]
[Source "ChessBase"]
[SourceDate "2008.06.24"]
[SourceVersion "1"]
[SourceVersionDate "2008.06.24"]
[SourceQuality "1"]

1. Nf3 d5 2. g3 Nf6 3. Bg2 e6 4. 0-0 Nc6 5. d3 Bd6 6. Nbd2 0-0 7. e4 d4 8. c3 e5 9. cxd4 exd4 10. Nc4 Bg4 11. Nxd6 Qxd6 12. h3 Bxf3 13. Bxf3 Ne5 14. Bg2 Qa6 15. Bf4 Rfe8 16. Bxe5 Rxe5 17. Qc2 c5 18. f4 Re7 19. e5 Nd7 20. a4 g5 21. b3 h5 22. Be4 h4 23. Qg2 Qh6 24. Rf2 1-0